[Event "12th EUR-ch"]
[Site "Aix-les-Bains FRA"]
[Date "2011.03.25"]
[Round "4.103"]
[White "Benitah, Yohan"]
[Black "Gritsak, Orest"]
[Result "0-1"]
[WhiteElo "2401"]
[BlackElo "2539"]
[EventDate "2011.03.22"]
[PlyCount "86"]

1.d4 Nf6 2.c4 g6 3.Nc3 Bg7 4.e4 O-O 5.Nf3 c6 6.Be2 d5 7.e5 Ne4 8.O-O Nxc3 
9.bxc3 dxc4 10.Bxc4 c5 11.Be3 cxd4 12.cxd4 Nc6 13.Qd2 Na5 14.Bd3 Be6 15.
Rfc1 Bd5 16.Ng5 b6 17.Qe2 Rc8 18.Bd2 Nc6 19.Be3 Nb4 20.Bc4 Qd7 21.a3 Bxc4 
22.Rxc4 Rxc4 23.Qxc4 Nd5 24.Bd2 Rc8 25.Qb3 Bh6 26.Re1 Bxg5 27.Bxg5 Rc3 28.
Qb2 Qf5 29.Rc1 Qd3 30.Bd2 Rxc1+ 31.Qxc1 Qxd4 32.Bh6 Qc3 33.Qxc3 Nxc3 34.
Kf1 f6 35.exf6 exf6 36.Be3 Kf7 37.Ke1 Ke6 38.Bd4 Nb5 39.Bb2 Nd6 40.Ke2 Nc4
41.Bc1 b5 42.Kd3 Kd5 43.f3 f5 0-1

[Event "12th EUR-ch"]
[Site "Aix-les-Bains FRA"]
[Date "2011.03.25"]
[Round "4.104"]
[White "Manea, Alexandru"]
[Black "Anisimov, Pavel"]
[Result "1/2-1/2"]
[WhiteElo "2392"]
[BlackElo "2532"]
[EventDate "2011.03.22"]
[PlyCount "73"]

1.d4 Nf6 2.Nf3 e6 3.c4 b6 4.g3 Ba6 5.b3 Bb4+ 6.Bd2 Be7 7.Bg2 d5 8.cxd5 
exd5 9.O-O O-O 10.Nc3 Bb7 11.Rc1 Nbd7 12.Bf4 c6 13.Ne5 Re8 14.e4 Nf8 15.
Re1 Ne6 16.Be3 Bb4 17.exd5 cxd5 18.Nd3 Bd6 19.f3 Rc8 20.Qd2 Rc7 21.Nb5 
Rxc1 22.Rxc1 Bb8 23.Nf4 Nf8 24.Nd3 Ba6 25.Nc3 Bd6 26.a4 Ne6 27.Na2 Qe7 28.
Bf2 Rc8 29.Rxc8+ Bxc8 30.Nc3 Nc7 31.Be3 Ba6 32.Bf1 h6 33.Bf2 Nd7 34.Bh3 
Nf6 35.Na2 Ne6 36.Nc3 Ng5 37.Bg2 1/2-1/2

[Event "12th EUR-ch"]
[Site "Aix-les-Bains FRA"]
[Date "2011.03.25"]
[Round "4.105"]
[White "Conquest, Stuart"]
[Black "Ravot, Sylvain"]
[Result "1-0"]
[WhiteElo "2529"]
[BlackElo "2268"]
[EventDate "2011.03.22"]
[PlyCount "41"]

1.e4 c5 2.Nf3 e6 3.d4 cxd4 4.Nxd4 Nf6 5.Nc3 d6 6.Be2 Be7 7.Be3 Nc6 8.O-O 
O-O 9.f4 Bd7 10.Nb3 Rc8 11.Qd2 a6 12.Rad1 b5 13.Bf3 Qc7 14.Qf2 Qb8 15.g4 
h6 16.h4 a5 17.g5 hxg5 18.hxg5 Nh7 19.Qh4 f5 20.Rd2 Rf7 21.exf5 1-0

[Event "12th EUR-ch"]
[Site "Aix-les-Bains FRA"]
[Date "2011.03.25"]
[Round "4.106"]
[White "Cmilyte, Viktorija"]
[Black "Dolzhykova, Kateryna"]
[Result "1/2-1/2"]
[WhiteElo "2526"]
[BlackElo "2265"]
[EventDate "2011.03.22"]
[PlyCount "67"]

1.d4 d5 2.c4 c6 3.Nc3 Nf6 4.Nf3 e6 5.Bg5 Be7 6.e3 Nbd7 7.Qc2 O-O 8.O-O-O 
Qa5 9.Kb1 dxc4 10.Bxc4 b5 11.Bd3 Re8 12.Ne5 b4 13.Bxf6 Nxf6 14.Nxc6 Qc7 
15.Ne4 Nd5 16.Nxe7+ Qxe7 17.Nc5 h6 18.e4 Nb6 19.e5 Bb7 20.Nxb7 Qxb7 21.Qe2
Red8 22.h4 a5 23.Rh3 Kh8 24.Be4 Nd5 25.g4 g6 26.h5 g5 27.Ka1 Rac8 28.Bf3 
Qc7 29.Rb1 Kg7 30.Qd3 Rh8 31.Qd2 Rhd8 32.Qd3 Rh8 33.Qd2 Rhd8 34.Qd3 
1/2-1/2

[Event "12th EUR-ch"]
[Site "Aix-les-Bains FRA"]
[Date "2011.03.25"]
[Round "4.107"]
[White "Pavlov, Sergey"]
[Black "Codenotti, Marco"]
[Result "1-0"]
[WhiteElo "2526"]
[BlackElo "2262"]
[EventDate "2011.03.22"]
[PlyCount "57"]

1.c4 g6 2.Nc3 c5 3.Nf3 Bg7 4.e3 Nf6 5.d4 cxd4 6.exd4 d5 7.cxd5 Nxd5 8.Qb3 
Nxc3 9.bxc3 O-O 10.Be2 Nc6 11.O-O Na5 12.Qa3 Be6 13.Bg5 f6 14.Bf4 Rc8 15.
Rfe1 Bd5 16.Nd2 a6 17.Rac1 Re8 18.c4 Bf7 19.d5 b6 20.Rb1 e6 21.Be3 Bf8 22.
Qb2 Bc5 23.Ne4 e5 24.Nxc5 bxc5 25.Bd2 Re7 26.Qb6 Nb7 27.Qxf6 Nd6 28.Bg4 
Ne8 29.Qf3 1-0

[Event "12th EUR-ch"]
[Site "Aix-les-Bains FRA"]
[Date "2011.03.25"]
[Round "4.108"]
[White "Durarbeyli, Vasif"]
[Black "Loiret, Stanislas"]
[Result "1-0"]
[WhiteElo "2510"]
[BlackElo "2258"]
[EventDate "2011.03.22"]
[PlyCount "53"]

1.e4 e5 2.Nf3 Nc6 3.Bb5 Nd4 4.Nxd4 exd4 5.O-O Bc5 6.d3 c6 7.Bc4 d5 8.exd5 
cxd5 9.Re1+ Ne7 10.Bb5+ Kf8 11.Nd2 Qa5 12.b4 Bxb4 13.Rb1 a6 14.Bc4 Be6 15.
a3 Bd6 16.Ba2 Bc7 17.Nf3 Bg4 18.h3 Bh5 19.g4 Bg6 20.Nxd4 h5 21.Qf3 Kg8 22.
Bg5 hxg4 23.Qxg4 Rh5 24.Re2 Nc6 25.Nf3 f6 26.Bxd5+ Kh7 27.Be4 1-0

[Event "12th EUR-ch"]
[Site "Aix-les-Bains FRA"]
[Date "2011.03.25"]
[Round "4.109"]
[White "Vuilleumier, Alexandre"]
[Black "Prie, Eric"]
[Result "0-1"]
[WhiteElo "2369"]
[BlackElo "2508"]
[EventDate "2011.03.22"]
[PlyCount "60"]

1.d4 Nf6 2.Nf3 c5 3.d5 b5 4.a4 b4 5.c4 d6 6.h3 e6 7.dxe6 fxe6 8.e3 Bb7 9.
Be2 Qe7 10.O-O g6 11.b3 Bg7 12.Bb2 O-O 13.Nbd2 e5 14.Qc2 e4 15.Nh2 Nbd7 
16.Ng4 Nxg4 17.Bxg7 Kxg7 18.Bxg4 Ne5 19.Be2 Nf3+ 20.Kh1 Qe5 21.Bxf3 exf3 
22.g4 h5 23.Rg1 hxg4 24.Rad1 Rh8 25.Rg3 Qxg3 26.fxg3 Rxh3+ 27.Kg1 Rxg3+ 
28.Kf1 Rh8 29.Qb2+ Kg8 30.Re1 Rg2 0-1

[Event "12th EUR-ch"]
[Site "Aix-les-Bains FRA"]
[Date "2011.03.25"]
[Round "4.110"]
[White "Stern, Rene"]
[Black "Houriez, Clement"]
[Result "0-1"]
[WhiteElo "2497"]
[BlackElo "2252"]
[EventDate "2011.03.22"]
[PlyCount "70"]

1.d4 Nf6 2.c4 e6 3.Nc3 Bb4 4.Bd2 O-O 5.Nf3 c5 6.dxc5 Bxc5 7.g3 b6 8.Bg2 
Bb7 9.O-O Ne4 10.Nxe4 Bxe4 11.Bc3 Nc6 12.Qa4 Qe7 13.a3 a5 14.Rad1 Rfd8 15.
Rd2 Rac8 16.Rfd1 d5 17.cxd5 exd5 18.Bh3 Rc7 19.Be5 b5 20.Bxc7 bxa4 21.Bxd8
Qxd8 22.Bg2 Qb6 23.e3 g6 24.h4 h5 25.Kh2 Kg7 26.Kh1 Ne7 27.Ng5 Bxg2+ 28.
Kxg2 Nf5 29.Rxd5 Bxe3 30.Rxf5 gxf5 31.fxe3 Qxb2+ 32.Kf3 Qxa3 33.Rd5 Qb4 
34.e4 fxe4+ 35.Nxe4 Qb3+ 0-1

[Event "12th EUR-ch"]
[Site "Aix-les-Bains FRA"]
[Date "2011.03.25"]
[Round "4.111"]
[White "Beinoras, Mindaugas"]
[Black "Djukic, Nikola"]
[Result "0-1"]
[WhiteElo "2356"]
[BlackElo "2494"]
[EventDate "2011.03.22"]
[PlyCount "84"]

1.c4 g6 2.Nc3 Bg7 3.e4 c5 4.g3 Nc6 5.Bg2 e6 6.Nge2 Nge7 7.O-O O-O 8.a3 d6 
9.Rb1 b6 10.b4 Bb7 11.d3 Qd7 12.Be3 Nd4 13.Qd2 f5 14.Bh6 Bxh6 15.Qxh6 Nec6
16.Qe3 Qg7 17.f4 Rae8 18.bxc5 dxc5 19.Nb5 Nxe2+ 20.Qxe2 a6 21.Nd6 Qd4+ 22.
Qf2 Qxd6 23.Rxb6 Ba8 24.e5 Qd7 25.Qxc5 Qd4+ 26.Qxd4 Nxd4 27.Rfb1 g5 28.Rd6
Ne2+ 29.Kf2 Nc3 30.Rc1 Na4 31.d4 Nb2 32.Bf1 gxf4 33.gxf4 Rb8 34.Rxe6 Be4 
35.Rxa6 Rb3 36.Be2 Nd3+ 37.Bxd3 Rxd3 38.d5 Rb8 39.Rg1+ Kh8 40.Rc1 Rb2+ 41.
Kf1 Rxh2 42.e6 Rdd2 0-1

[Event "12th EUR-ch"]
[Site "Aix-les-Bains FRA"]
[Date "2011.03.25"]
[Round "4.112"]
[White "Can, Emre"]
[Black "Blubaum, Matthias"]
[Result "1-0"]
[WhiteElo "2487"]
[BlackElo "2246"]
[EventDate "2011.03.22"]
[PlyCount "65"]

1.e4 e6 2.d4 d5 3.Nd2 Be7 4.Bd3 c5 5.dxc5 Nf6 6.Qe2 O-O 7.Ngf3 a5 8.O-O 
Na6 9.e5 Nd7 10.c4 Naxc5 11.Bc2 b6 12.b3 Bb7 13.Bb2 Qc7 14.Rac1 Rfd8 15.
Rfd1 Nf8 16.a3 dxc4 17.Nxc4 Rxd1+ 18.Bxd1 Ba6 19.Qe3 Rc8 20.Be2 Qb8 21.h4 
a4 22.b4 Nb3 23.Rc3 b5 24.Nd6 Rc7 25.h5 h6 26.Qf4 Bxd6 27.exd6 Rxc3 28.
Bxc3 Qc8 29.Qe3 Qc6 30.Ne5 Qxd6 31.Qa7 Nc1 32.Qxf7+ Kh7 33.Bf3 1-0

[Event "12th EUR-ch"]
[Site "Aix-les-Bains FRA"]
[Date "2011.03.25"]
[Round "4.113"]
[White "Lefebvre, Herve"]
[Black "Berescu, Alin-Mile"]
[Result "0-1"]
[WhiteElo "2284"]
[BlackElo "2481"]
[EventDate "2011.03.22"]
[PlyCount "78"]

1.e4 e6 2.d4 d5 3.Nd2 Nf6 4.e5 Nfd7 5.Bd3 c5 6.c3 Nc6 7.Ne2 cxd4 8.cxd4 f6
9.exf6 Nxf6 10.Nf3 Bd6 11.O-O Qc7 12.Bg5 O-O 13.Rc1 Bd7 14.Ng3 Qb6 15.Bxf6
gxf6 16.Qd2 Rf7 17.Nh5 Qd8 18.Qh6 Be7 19.Rfe1 Qf8 20.Qf4 Bd6 21.Qh4 Qh6 
22.Re3 Kh8 23.Rce1 Re8 24.h3 Nd8 25.Bf5 Rff8 26.Bd3 a6 27.a3 Nc6 28.Qg4 f5
29.Qg5 Qxg5 30.Nxg5 Nxd4 31.f4 h6 32.Nf3 Bc5 33.Kh2 Nxf3+ 34.Rxf3 Bd4 35.
Re2 Rc8 36.g4 fxg4 37.hxg4 e5 38.Bf5 Bxf5 39.gxf5 Rxf5 0-1

[Event "12th EUR-ch"]
[Site "Aix-les-Bains FRA"]
[Date "2011.03.25"]
[Round "4.114"]
[White "Libiszewski, Fabien"]
[Black "Chapman, Terry"]
[Result "1-0"]
[WhiteElo "2481"]
[BlackElo "2242"]
[EventDate "2011.03.22"]
[PlyCount "81"]

1.e4 d6 2.Nc3 g6 3.d4 Nf6 4.Be3 c6 5.h3 b5 6.a3 Nbd7 7.f4 Nb6 8.Nf3 a6 9.
Bd3 Bg7 10.O-O O-O 11.Qe1 Bb7 12.Qh4 Nc4 13.Bxc4 bxc4 14.f5 Qb6 15.Nd1 
gxf5 16.exf5 Kh8 17.Ng5 Bc8 18.Nc3 d5 19.Na4 Qb5 20.Nc5 Qxb2 21.Rac1 Qc3 
22.Rf3 Bxf5 23.Na4 Qxa3 24.Bd2 c3 25.Nxc3 Bg6 26.Nxd5 Qxf3 27.Nxf3 cxd5 
28.Ne5 Kg8 29.Nc6 Rfe8 30.Bg5 Rac8 31.Nxe7+ Rxe7 32.Bxf6 Re2 33.Bxg7 Kxg7 
34.Qg5 f5 35.h4 h6 36.Qg3 f4 37.Qg4 f3 38.Qxc8 Rxg2+ 39.Kf1 Be4 40.Rb1 f2 
41.Rb7+ 1-0

[Event "12th EUR-ch"]
[Site "Aix-les-Bains FRA"]
[Date "2011.03.25"]
[Round "4.115"]
[White "Brunner, Nicolas"]
[Black "Fayard, Alain"]
[Result "1-0"]
[WhiteElo "2478"]
[BlackElo "2210"]
[EventDate "2011.03.22"]
[PlyCount "55"]

1.d4 Nf6 2.c4 e6 3.Nc3 Bb4 4.f3 O-O 5.a3 Bxc3+ 6.bxc3 c5 7.Bg5 h6 8.Bh4 
Nc6 9.d5 Na5 10.e4 d6 11.Bd3 b5 12.cxb5 c4 13.Bc2 exd5 14.Ne2 g5 15.Bg3 
Bb7 16.e5 Nh5 17.exd6 Re8 18.O-O Nxg3 19.Nxg3 Qxd6 20.f4 d4 21.cxd4 Qd5 
22.Rf2 Re6 23.fxg5 Rae8 24.gxh6 Kh8 25.Qg4 Rxh6 26.Nf5 Rg6 27.Qh4+ Kg8 28.
Ne7+ 1-0

[Event "12th EUR-ch"]
[Site "Aix-les-Bains FRA"]
[Date "2011.03.25"]
[Round "4.116"]
[White "Cherednichenko, Svetlana"]
[Black "Bagirov, Rufat"]
[Result "0-1"]
[WhiteElo "2278"]
[BlackElo "2476"]
[EventDate "2011.03.22"]
[PlyCount "104"]

1.d4 d5 2.c4 e6 3.Nf3 Nf6 4.Nc3 Bb4 5.cxd5 exd5 6.Bg5 Nbd7 7.e3 c5 8.Bd3 
Qa5 9.O-O c4 10.Bc2 O-O 11.Ne5 Bxc3 12.Nxd7 Nxd7 13.bxc3 Re8 14.Qe1 Nf8 
15.f3 Ne6 16.f4 Bd7 17.Rf3 Nxg5 18.fxg5 g6 19.Qf2 Re7 20.Rf1 Rf8 21.Rf6 
Qxa2 22.h4 Ba4 23.Bxa4 Qxa4 24.h5 Qe8 25.hxg6 hxg6 26.Rf3 Re4 27.Rh3 Qd8 
28.Qg3 Qb8 29.Qf2 Qd6 30.g3 Re6 31.Qh2 f5 32.gxf6 Rexf6 33.Rh8+ Kf7 34.
Qh7+ Ke8 35.Rxf6 Qxf6 36.Rxf8+ Kxf8 37.Qxb7 Qf3 38.Qb8+ Kg7 39.Qxa7+ Kh6 
40.Qe7 Qxg3+ 41.Kf1 Qf3+ 42.Kg1 Kh5 43.Qe8 Kg5 44.Kh2 Kf5 45.Kg1 g5 46.
Qe5+ Kg4 47.Qe6+ Qf5 48.Qh6 Kf3 49.Qh1+ Kxe3 50.Qh3+ Qf3 51.Qh6 Qg3+ 52.
Kh1 Qh4+ 0-1

[Event "12th EUR-ch"]
[Site "Aix-les-Bains FRA"]
[Date "2011.03.25"]
[Round "4.117"]
[White "Nakar, Eylon"]
[Black "Melia, Salome"]
[Result "1/2-1/2"]
[WhiteElo "2256"]
[BlackElo "2462"]
[EventDate "2011.03.22"]
[PlyCount "79"]

1.e4 c5 2.d3 e6 3.Nf3 Nc6 4.g3 g6 5.Bg5 Qb6 6.Nbd2 Bg7 7.Bg2 Nge7 8.O-O d6
9.Nc4 Qc7 10.Qd2 b5 11.Na3 Rb8 12.Rab1 O-O 13.Bh6 e5 14.Nh4 Be6 15.Bxg7 
Kxg7 16.f4 exf4 17.gxf4 f5 18.Rbe1 fxe4 19.Bxe4 Rf6 20.Bg2 Nd4 21.Nf3 
Nxf3+ 22.Rxf3 Nf5 23.b3 c4 24.d4 Qb6 25.c3 cxb3 26.axb3 b4 27.Nc2 bxc3 28.
Rxc3 a5 29.Rc6 Qxb3 30.Qxa5 Rb7 31.Rc3 Qb6 32.Qxb6 Rxb6 33.Rc7+ Rf7 34.Rc6
Rxc6 35.Bxc6 Bb3 36.Na1 Nxd4 37.Nxb3 Nxc6 38.Rd1 Rd7 39.Nc5 Rf7 40.Rxd6 
1/2-1/2

[Event "12th EUR-ch"]
[Site "Aix-les-Bains FRA"]
[Date "2011.03.25"]
[Round "4.118"]
[White "Fauland, Alexander"]
[Black "Jeanne, Mickael"]
[Result "1-0"]
[WhiteElo "2461"]
[BlackElo "2193"]
[EventDate "2011.03.22"]
[PlyCount "95"]

1.d4 d5 2.c4 e6 3.Nf3 Nf6 4.g3 dxc4 5.Bg2 Bd7 6.Ne5 Bc6 7.Nxc6 Nxc6 8.O-O 
Qd7 9.e3 O-O-O 10.Qa4 Nd5 11.Qxc4 h5 12.Nc3 h4 13.Rd1 hxg3 14.hxg3 f5 15.
Qe2 Be7 16.e4 fxe4 17.Nxe4 Nf6 18.Be3 Nxe4 19.Bxe4 Nb4 20.d5 exd5 21.Bf3 
Kb8 22.a3 Nc6 23.Rxd5 Qe8 24.Rc1 Rxd5 25.Bxd5 Nd8 26.Qc4 Bd6 27.Qd4 b6 28.
b4 Rh5 29.Bg2 Qe5 30.Qg4 Rh8 31.Bd4 Qe6 32.Qxg7 Rg8 33.Qf6 Qb3 34.Qf3 Qxf3
35.Bxf3 Nb7 36.Bc6 a5 37.Bc3 Nd8 38.Bf3 axb4 39.axb4 c6 40.Bd4 Kc7 41.Bxc6
Nxc6 42.b5 Bxg3 43.Rxc6+ Kd7 44.fxg3 Rxg3+ 45.Kf2 Rb3 46.Rxb6 Kc7 47.Rc6+ 
Kb7 48.Rc5 1-0

[Event "12th EUR-ch"]
[Site "Aix-les-Bains FRA"]
[Date "2011.03.25"]
[Round "4.119"]
[White "Dembo, Yelena"]
[Black "Sreeves, Clement"]
[Result "1-0"]
[WhiteElo "2457"]
[BlackElo "2135"]
[EventDate "2011.03.22"]
[PlyCount "45"]

1.e4 c5 2.Nc3 Nc6 3.Bb5 Nd4 4.Bc4 e6 5.Nf3 Nf6 6.O-O a6 7.d3 b5 8.Bb3 Nxb3
9.axb3 Bb7 10.e5 Nd5 11.Ne4 d6 12.Re1 dxe5 13.Nxe5 Be7 14.Qg4 g6 15.Qh3 
O-O 16.Bh6 f5 17.c4 Nb4 18.Bxf8 Bxf8 19.Re2 Qe7 20.Nc3 Bg7 21.Qe3 Qd6 22.
cxb5 f4 23.Nc4 1-0

[Event "12th EUR-ch"]
[Site "Aix-les-Bains FRA"]
[Date "2011.03.25"]
[Round "4.120"]
[White "Donchenko, Alexander"]
[Black "Ziska, Helgi Dam"]
[Result "1-0"]
[WhiteElo "2216"]
[BlackElo "2432"]
[EventDate "2011.03.22"]
[PlyCount "69"]

1.d4 Nf6 2.Nf3 g6 3.c4 Bg7 4.Nc3 d6 5.e4 O-O 6.Be2 e5 7.dxe5 dxe5 8.Qxd8 
Rxd8 9.Bg5 c6 10.Nxe5 Re8 11.O-O-O Na6 12.Rd6 Be6 13.Nf3 Nc5 14.Nd2 Nfd7 
15.Ndb1 a5 16.Be3 a4 17.Rdd1 a3 18.bxa3 Ra5 19.Bd2 Ne5 20.Nd5 Raa8 21.Be3 
cxd5 22.Bxc5 Rec8 23.exd5 Bf5 24.Be3 Nxc4 25.Bxc4 Rxc4+ 26.Kd2 Rc2+ 27.Ke1
Rxa2 28.Nd2 Bc2 29.Rc1 Rd8 30.Ke2 Rxd5 31.Kf3 f5 32.Nc4 b5 33.Nb6 Be5 34.
Rxc2 Rxc2 35.Nxd5 1-0

[Event "12th EUR-ch"]
[Site "Aix-les-Bains FRA"]
[Date "2011.03.25"]
[Round "4.121"]
[White "Stockmann, Michael"]
[Black "Erdogdu, Mert"]
[Result "0-1"]
[WhiteElo "2255"]
[BlackElo "2423"]
[EventDate "2011.03.22"]
[PlyCount "52"]

1.d4 Nf6 2.c4 g6 3.g3 Bg7 4.Bg2 d5 5.cxd5 Nxd5 6.Nf3 Nb6 7.Nc3 Nc6 8.e3 
O-O 9.O-O Re8 10.Re1 a5 11.Qe2 Be6 12.Rd1 Bc4 13.Qc2 Nb4 14.Qb1 e5 15.b3 
exd4 16.Nxd4 Bd3 17.Qb2 Ba6 18.Ne4 Rxe4 19.Bxe4 c5 20.Qa3 cxd4 21.Bb2 Qe7 
22.Qxa5 Qxe4 23.Qxb4 Nd5 24.Qa4 b5 25.Rxd4 bxa4 26.Rxe4 Bxb2 0-1

[Event "12th EUR-ch"]
[Site "Aix-les-Bains FRA"]
[Date "2011.03.25"]
[Round "4.122"]
[White "Sumets, Andrey"]
[Black "Frick, Christoph"]
[Result "1-0"]
[WhiteElo "2610"]
[BlackElo "2226"]
[EventDate "2011.03.22"]
[PlyCount "69"]

1.d4 g6 2.e4 Bg7 3.Nf3 d6 4.Bc4 e6 5.O-O Nd7 6.Re1 b6 7.Bf1 Ne7 8.c4 c5 9.
Nc3 a6 10.Be3 Qc7 11.Qd2 Bb7 12.Rad1 Rd8 13.Bh6 O-O 14.Qg5 cxd4 15.Bxg7 
Kxg7 16.Nxd4 Nf6 17.f3 Nc6 18.Qd2 Ne5 19.b3 h6 20.Rc1 Ned7 21.Kh1 Qb8 22.
Red1 Rfe8 23.Nc2 Ne5 24.Ne3 Qc7 25.b4 h5 26.Qd4 Nc6 27.Qxf6+ Kxf6 28.Ncd5+
exd5 29.Nxd5+ Kg5 30.Nxc7 Rc8 31.Nd5 f5 32.exf5 gxf5 33.b5 axb5 34.cxb5 
Na5 35.Nxb6 1-0

[Event "12th EUR-ch"]
[Site "Aix-les-Bains FRA"]
[Date "2011.03.25"]
[Round "4.123"]
[White "De Graaf, Dick"]
[Black "Flear, Glenn Curtis"]
[Result "0-1"]
[WhiteElo "2214"]
[BlackElo "2498"]
[EventDate "2011.03.22"]
[PlyCount "46"]

1.e4 e5 2.Nf3 Nc6 3.d4 exd4 4.Bc4 Nf6 5.e5 d5 6.Bb5 Ne4 7.Nxd4 Bc5 8.Be3 
Bd7 9.Bxc6 bxc6 10.O-O Qe7 11.f3 Nd6 12.Bf2 Nc4 13.b3 Nxe5 14.f4 f6 15.
fxe5 fxe5 16.Ne2 O-O 17.Ng3 Rxf2 18.Rxf2 Bxf2+ 19.Kxf2 Qc5+ 20.Ke1 Rf8 21.
Qe2 Qd4 22.c3 Qg1+ 23.Nf1 Bg4 0-1

[Event "12th EUR-ch"]
[Site "Aix-les-Bains FRA"]
[Date "2011.03.25"]
[Round "4.124"]
[White "Kurmann, Oliver"]
[Black "Pogosian, Vladimir"]
[Result "1-0"]
[WhiteElo "2446"]
[BlackElo "2222"]
[EventDate "2011.03.22"]
[PlyCount "77"]

1.e4 c5 2.Nf3 d6 3.d4 cxd4 4.Nxd4 Nf6 5.Nc3 a6 6.Be3 e5 7.Nf3 Be7 8.Bc4 
O-O 9.O-O Nbd7 10.a4 b6 11.Qe2 Bb7 12.Nd2 Nc5 13.Bxc5 dxc5 14.Rfd1 Qc7 15.
Nf1 Bc6 16.Bxa6 Nxe4 17.Nxe4 Bxe4 18.Qxe4 Rxa6 19.Ne3 Qa7 20.Nd5 Bd8 21.
Nc3 Bf6 22.Rd6 Be7 23.Rd5 f5 24.Qc4 Kh8 25.Rxe5 Bd6 26.Re6 Bb8 27.Rae1 b5 
28.Re8 Rf6 29.Nxb5 Qd7 30.Rxf8+ Rxf8 31.Qxc5 Rc8 32.Qe7 Qd5 33.Qe8+ Qg8 
34.Qxg8+ Kxg8 35.c3 Bf4 36.g3 Bg5 37.f4 Bf6 38.a5 Rb8 39.a6 1-0

[Event "12th EUR-ch"]
[Site "Aix-les-Bains FRA"]
[Date "2011.03.25"]
[Round "4.125"]
[White "Rindlisbacher, Jan"]
[Black "Gutov, Andrey"]
[Result "1/2-1/2"]
[WhiteElo "2198"]
[BlackElo "2445"]
[EventDate "2011.03.22"]
[PlyCount "67"]

1.d4 c5 2.d5 e5 3.e4 d6 4.Nc3 Be7 5.Nf3 Bg4 6.h3 Bxf3 7.Qxf3 Bg5 8.Bxg5 
Qxg5 9.Nb5 Qd8 10.Qg4 Kf8 11.Nxd6 Nf6 12.Qc8 Qxc8 13.Nxc8 Nxe4 14.Bd3 Nd7 
15.Bxe4 Rxc8 16.Bf5 Rd8 17.Bxd7 Rxd7 18.c4 Ke7 19.O-O-O Kd6 20.Kc2 h5 21.
Rd3 h4 22.g3 Rh6 23.Rf3 Re7 24.g4 f6 25.Re1 Rh8 26.Re4 b5 27.cxb5 Kxd5 28.
Ra4 Rb8 29.Rd3+ Ke6 30.Ra6+ Rb6 31.Rda3 Rxa6 32.Rxa6+ Kd5 33.Kd3 e4+ 34.
Ke3 1/2-1/2

[Event "12th EUR-ch"]
[Site "Aix-les-Bains FRA"]
[Date "2011.03.25"]
[Round "4.126"]
[White "Colin, Vincent"]
[Black "Svane, Rasmus"]
[Result "1/2-1/2"]
[WhiteElo "2427"]
[BlackElo "2216"]
[EventDate "2011.03.22"]
[PlyCount "54"]

1.c4 c6 2.e4 d5 3.exd5 cxd5 4.d4 Nf6 5.Nc3 e6 6.Nf3 Bb4 7.cxd5 Nxd5 8.Qc2 
Nc6 9.Bd3 Ba5 10.a3 Nxc3 11.bxc3 Nxd4 12.Nxd4 Qxd4 13.Bb5+ Bd7 14.O-O Qe5 
15.Bxd7+ Kxd7 16.Rb1 Bb6 17.Qa4+ Ke7 18.Rb5 Qxc3 19.Bb2 Qd2 20.Bxg7 Rhc8 
21.Qh4+ Ke8 22.Rb2 Qd3 23.Qb4 Rc5 24.Rd2 Qc4 25.Qb1 Rg5 26.Qxh7 Rxg2+ 27.
Kxg2 Qg4+ 1/2-1/2

[Event "12th EUR-ch"]
[Site "Aix-les-Bains FRA"]
[Date "2011.03.25"]
[Round "4.127"]
[White "Lacour, Serge"]
[Black "Potapov, Alexander"]
[Result "1-0"]
[WhiteElo "2193"]
[BlackElo "2425"]
[EventDate "2011.03.22"]
[PlyCount "81"]

1.d4 f5 2.Nf3 Nf6 3.c4 g6 4.g3 Bg7 5.Nc3 d6 6.Bg2 O-O 7.O-O Qe8 8.d5 a5 9.
e4 fxe4 10.Ng5 Na6 11.Be3 c5 12.Ncxe4 Nc7 13.Nxf6+ Rxf6 14.a4 Rf8 15.Qd2 
Bd7 16.h4 Bf5 17.Ne4 Qd7 18.Nc3 Rf7 19.Kh2 Na6 20.b3 Nb4 21.f4 Nc2 22.Rac1
Nxe3 23.Qxe3 Bd4 24.Qd2 h6 25.Nb5 Bf6 26.Rf2 b6 27.Re1 Kg7 28.Be4 Bg4 29.
Bf3 g5 30.Nc7 Qxc7 31.Bxg4 gxh4 32.gxh4 Bxh4 33.Be6 Bxf2 34.Qxf2 Rf6 35.
Rg1+ Rg6 36.Rxg6+ Kxg6 37.Qg3+ Kf6 38.Qh4+ Kg7 39.Qg4+ Kh7 40.Qf5+ Kg7 41.
Qf7+ 1-0

[Event "12th EUR-ch"]
[Site "Aix-les-Bains FRA"]
[Date "2011.03.25"]
[Round "4.128"]
[White "Roser, Kevin"]
[Black "Wagner, Dennis"]
[Result "0-1"]
[WhiteElo "2423"]
[BlackElo "2214"]
[EventDate "2011.03.22"]
[PlyCount "61"]

1.e4 c5 2.Nf3 e6 3.d4 cxd4 4.Nxd4 a6 5.Bd3 Bc5 6.Nb3 Ba7 7.Qg4 Nf6 8.Qg3 
d6 9.Nc3 Nc6 10.Bg5 h6 11.Bd2 Nh5 12.Qf3 Nf6 13.O-O-O Ne5 14.Qe2 b5 15.a3 
Nxd3+ 16.Qxd3 Ng4 17.Qg3 h5 18.Be1 e5 19.h3 Nf6 20.f4 Qe7 21.fxe5 Qxe5 22.
Qf3 O-O 23.Bg3 Qg5+ 24.Bf4 Qg6 25.Bxd6 Bb7 26.Bxf8 Nxe4 27.Bb4 a5 28.Bxa5 
Qg5+ 29.Nd2 Nxd2 30.Qxb7 Nb3+ 31.Kb1 0-1

[Event "12th EUR-ch"]
[Site "Aix-les-Bains FRA"]
[Date "2011.03.25"]
[Round "4.129"]
[White "Thorfinnsson, Bragi"]
[Black "Rindlisbacher, Lars"]
[Result "0-1"]
[WhiteElo "2417"]
[BlackElo "2202"]
[EventDate "2011.03.22"]
[PlyCount "84"]

1.Nf3 Nf6 2.c4 e6 3.g3 b6 4.Bg2 Bb7 5.O-O Be7 6.d4 O-O 7.Re1 d6 8.Qc2 Nbd7
9.e4 e5 10.Nc3 Re8 11.b3 Bf8 12.Bb2 a5 13.Rad1 c6 14.h3 Qc7 15.Qb1 Rac8 
16.Kh2 g6 17.d5 cxd5 18.exd5 Ba6 19.Nd2 Bg7 20.Nb5 Qb8 21.a4 Nc5 22.Ba3 
Nfd7 23.h4 Bxb5 24.axb5 Qc7 25.Bh3 f5 26.f3 Qd8 27.Kg2 Rf8 28.h5 Qf6 29.
hxg6 hxg6 30.Bb2 Rce8 31.f4 Qd8 32.Nf3 Bf6 33.fxe5 dxe5 34.Ba3 e4 35.Nd4 
Bxd4 36.Rxd4 Qg5 37.Qd1 Ne5 38.Bc1 f4 39.g4 Qh4 40.Rh1 Qg3+ 41.Kf1 Ned3 
42.Qc2 f3 0-1

[Event "12th EUR-ch"]
[Site "Aix-les-Bains FRA"]
[Date "2011.03.25"]
[Round "4.130"]
[White "Izzat, Kanan Azar oglu"]
[Black "Zuger, Beat"]
[Result "1/2-1/2"]
[WhiteElo "2181"]
[BlackElo "2417"]
[EventDate "2011.03.22"]
[PlyCount "56"]

1.d4 Nf6 2.Nf3 d6 3.Nc3 a6 4.e4 b5 5.e5 dxe5 6.dxe5 Qxd1+ 7.Nxd1 Nd5 8.Ne3
Nxe3 9.Bxe3 e6 10.a4 bxa4 11.Rxa4 Nd7 12.Be2 Bb7 13.O-O Be7 14.Rfa1 O-O 
15.Bd4 c5 16.Bc3 Nb6 17.R4a2 Nd5 18.Bd2 Nb4 19.Bxb4 cxb4 20.Ne1 Rfd8 21.
Bxa6 b3 22.cxb3 Bxa6 23.Rxa6 Rxa6 24.Rxa6 g5 25.Kf1 Rd2 26.Rc6 Rxb2 27.Rc3
Bb4 28.Rc4 Rxb3 1/2-1/2

[Event "12th EUR-ch"]
[Site "Aix-les-Bains FRA"]
[Date "2011.03.26"]
[Round "5.1"]
[White "Potkin, Vladimir"]
[Black "Savchenko, Boris"]
[Result "1-0"]
[WhiteElo "2653"]
[BlackElo "2616"]
[EventDate "2011.03.22"]
[PlyCount "47"]

1.d4 Nf6 2.c4 e5 3.dxe5 Ng4 4.Bf4 Nc6 5.Nf3 Bb4+ 6.Nbd2 Qe7 7.e3 Ngxe5 8.
Nxe5 Nxe5 9.Be2 b6 10.O-O Bb7 11.Nf3 Bxf3 12.Bxf3 Rd8 13.Be2 Bd6 14.Qc2 h5
15.Rad1 c6 16.Rd4 Bc7 17.h4 g6 18.Bg5 f6 19.f4 fxg5 20.fxe5 Qg7 21.Rf6 
Bxe5 22.Rxg6 Qe7 23.Bxh5 Bh2+ 24.Kh1 1-0

[Event "12th EUR-ch"]
[Site "Aix-les-Bains FRA"]
[Date "2011.03.26"]
[Round "5.2"]
[White "Ragger, Markus"]
[Black "Sutovsky, Emil"]
[Result "1/2-1/2"]
[WhiteElo "2614"]
[BlackElo "2692"]
[EventDate "2011.03.22"]
[PlyCount "84"]

1.Nf3 Nf6 2.c4 g6 3.Nc3 d5 4.cxd5 Nxd5 5.g3 Bg7 6.Bg2 O-O 7.O-O c5 8.Nxd5 
Qxd5 9.d4 cxd4 10.Be3 Qb5 11.Nxd4 Qxb2 12.Bd5 Qb4 13.Rb1 Qa5 14.Nb3 Qc7 
15.Nc5 Nc6 16.Qa4 Rd8 17.Rfd1 Rd6 18.Qf4 e6 19.Bxc6 e5 20.Qh4 Bf6 21.Bg5 
Bxg5 22.Qxg5 f6 23.Rxd6 fxg5 24.Bd5+ Kh8 25.Ne4 Bh3 26.f3 Qc2 27.Re1 Bf5 
28.Bb3 Qc7 29.Nxg5 a5 30.Red1 Qc5+ 31.Kf1 Rf8 32.e4 Bc8 33.Rd8 Kg7 34.
R8d7+ Bxd7 35.Rxd7+ Kh6 36.Nf7+ Kh5 37.Kg2 Qb5 38.Nxe5 Qe2+ 39.Kg1 Qe1+ 
40.Kg2 Qe2+ 41.Kg1 Qe1+ 42.Kg2 Qe2+ 1/2-1/2

[Event "12th EUR-ch"]
[Site "Aix-les-Bains FRA"]
[Date "2011.03.26"]
[Round "5.3"]
[White "Reinderman, Dimitri"]
[Black "Polgar, Judit"]
[Result "1/2-1/2"]
[WhiteElo "2601"]
[BlackElo "2686"]
[EventDate "2011.03.22"]
[PlyCount "98"]

1.c4 e6 2.g3 d5 3.Bg2 Nf6 4.Nf3 Be7 5.O-O O-O 6.b3 b6 7.Bb2 Bb7 8.e3 c5 9.
Nc3 Nbd7 10.Qe2 Rc8 11.cxd5 Nxd5 12.Nxd5 Bxd5 13.e4 Bb7 14.d4 Nf6 15.Rfd1 
Bxe4 16.dxc5 Qc7 17.cxb6 Qxb6 18.Bxf6 Bxf3 19.Bxf3 Bxf6 20.Rac1 Bd4 21.Kg2
g6 22.Rc2 Rc5 23.Rxc5 Qxc5 24.Qd2 Rd8 25.Rc1 Qf5 26.Qe2 Qa5 27.Rc2 Bb6 28.
h4 h5 29.Bc6 Qb4 30.Be4 Kg7 31.Bc6 Qd6 32.Bf3 e5 33.Qb5 Qe7 34.Qc6 Rd6 35.
Qa8 Rd8 36.Qc6 Rd4 37.Qb7 Qe6 38.Re2 Qf5 39.Bd5 Rd1 40.Bc4 Bd4 41.Qe7 Rc1 
42.Qb7 Rc3 43.Qd5 g5 44.hxg5 h4 45.Qe4 h3+ 46.Kh2 Qxe4 47.Rxe4 Bxf2 48.Rg4
Kg6 49.Kxh3 Be1 1/2-1/2